| 000 | 01271nam0a22003011 4500 | ||
|---|---|---|---|
| 001 | v19\rc\1379090 | ||
| 005 | 20260408131703.0 | ||
| 035 | _a(NLR Aleph) 004514770 | ||
| 090 |
_a4805720 _c4805720 |
||
| 100 | _a20060512d1869 |||y0rusy50 ca | ||
| 101 | 0 |
_arus _afre |
|
| 102 | _aRU | ||
| 105 | _ay z ||||| | ||
| 200 | 1 | _aКонвенция о соединении Киевско-Одесской железной дороги с Львовско-Венскою, заключенная между Россиею и Австриею, 18 мая 1869 года | |
| 210 |
_a[Санкт-Петербург _d1869] |
||
| 215 |
_a[8] с. _d35 |
||
| 300 | _aТекст парал. на рус. и фр. яз. | ||
| 711 | 0 | 2 |
_aКиевско-Одесская железная дорога _9778596 _3RU\NLR\AUTH\880555835 |
| 711 | 0 | 2 |
_aЛьвовско-Венская железная дорога _9778597 _3RU\NLR\AUTH\880555836 |
| 740 | 1 |
_aРоссия _tДоговоры _3RU\NLR\AUTH\889957979 _9412045 |
|
| 741 | 1 |
_aАвстро-Венгрия _tДоговоры _3RU\NLR\AUTH\880554867 _9776471 |
|
| 801 | 0 |
_aRU _bNLR _gpsbo |
|
| 801 | 0 |
_aRU _bRuMoRGB _2psbo |
|
| 801 | 1 |
_aRU _bProSoft-M _2rusmarc |
|
| 852 |
_aNLR _j18.35.1.412 |
||
| 942 | _cBOOK | ||
| 980 | _aNB | ||